Portrait d'aieules

Wedi'i Gadw mewn:
Manylion Llyfryddiaeth
Prif Awdur: Lichtenberger, André
Fformat: Llyfr
Iaith:Undetermined
Cyhoeddwyd: París, Francia Plon [s.f.]
Rhifyn:4
Pynciau:
Tagiau: Ychwanegu Tag
Dim Tagiau, Byddwch y cyntaf i dagio'r cofnod hwn!

MARC

LEADER 00000nam a2200000Ia 4500
008 170316s9999 xx 000 0 und d
040 |a cru BVZT 
090 |a 840 L-6p 
100 |a Lichtenberger, André 
245 |a Portrait d'aieules 
250 |a 4 
260 |a París, Francia 
260 |b Plon 
260 |c [s.f.] 
300 |a 312 páginas 
650 |a LITERATURA FRANCESA 
999 |c 7768  |d 7768 
942 |c 15 D  |h 840 L-6p  |2 z